[Event "EYCC 2024 - O14"]
[Site "?"]
[Date "2024.08.26"]
[Round "5.1"]
[White "Shevchenko, Yaroslav"]
[Black "Breuil, Virgile"]
[Result "0-1"]
[BlackElo "2251"]
[WhiteElo "2038"]
[LiveChessVersion "1.4.8"]

1. d4 {[%clk 1:30:51]} d5 {[%clk 1:30:47]} 2. c4 {[%clk 1:31:09]} c6
{[%clk 1:31:09]} 3. Nf3 {[%clk 1:31:29]} Nf6 {[%clk 1:31:29]} 4. e3
{[%clk 1:31:47]} Bf5 {[%clk 1:31:27]} 5. Nc3 {[%clk 1:31:51]} e6 {[%clk 1:31:00]}
6. Nh4 {[%clk 1:31:48]} Bg6 {[%clk 1:29:11]} 7. Be2 {[%clk 1:31:56]} Bd6
{[%clk 1:27:56]} 8. Qb3 {[%clk 1:29:19]} Qc8 {[%clk 1:21:10]} 9. Nxg6
{[%clk 1:25:23]} hxg6 {[%clk 1:21:31]} 10. g3 {[%clk 1:25:11]} Nbd7
{[%clk 1:19:25]} 11. Bd2 {[%clk 1:24:05]} dxc4 {[%clk 1:18:44]} 12. Bxc4
{[%clk 1:23:33]} Nb6 {[%clk 1:18:11]} 13. Be2 {[%clk 1:23:22]} Qd7
{[%clk 1:16:32]} 14. a4 {[%clk 1:11:30]} Nbd5 {[%clk 1:08:17]} 15. a5
{[%clk 1:07:01]} O-O {[%clk 1:00:40]} 16. O-O {[%clk 1:06:48]} e5
{[%clk 0:59:05]} 17. Nxd5 {[%clk 1:04:34]} Nxd5 {[%clk 0:55:54]} 18. dxe5
{[%clk 1:03:57]} Bxe5 {[%clk 0:56:00]} 19. Rfd1 {[%clk 1:03:32]} Rfd8
{[%clk 0:52:39]} 20. Kg2 {[%clk 0:51:40]} Qe6 {[%clk 0:50:01]} 21. Qc2
{[%clk 0:35:45]} Rd7 {[%clk 0:45:20]} 22. Bc4 {[%clk 0:34:16]} Qe7
{[%clk 0:41:20]} 23. e4 {[%clk 0:10:40]} Nf6 {[%clk 0:33:42]} 24. Bg5
{[%clk 0:09:48]} Rad8 {[%clk 0:29:38]} 25. Rxd7 {[%clk 0:07:57]} Qxd7
{[%clk 0:28:18]} 26. f3 {[%clk 0:06:13]} Qd4 {[%clk 0:25:42]} 27. Ra3
{[%clk 0:06:06]} Rd7 {[%clk 0:23:36]} 28. Bxf6 {[%clk 0:05:41]} Qd2+
{[%clk 0:23:53]} 29. Qxd2 {[%clk 0:05:45]} Rxd2+ {[%clk 0:24:19]} 30. Kh3
{[%clk 0:06:10]} Bxf6 {[%clk 0:22:54]} 31. Rb3 {[%clk 0:05:27]} Rxb2
{[%clk 0:23:04]} 32. Rd3 {[%clk 0:04:22]} Rc2 {[%clk 0:21:23]} 33. Bb3
{[%clk 0:02:10]} Rc3 {[%clk 0:21:47]} 34. Rxc3 {[%clk 0:02:35]} Bxc3
{[%clk 0:22:12]} 35. a6 {[%clk 0:02:59]} b5 {[%clk 0:22:12]} 36. Kg4
{[%clk 0:03:10]} c5 {[%clk 0:21:38]} 37. Bd5 {[%clk 0:03:36]} Bd4
{[%clk 0:18:40]} 38. Bc6 {[%clk 0:03:59]} b4 {[%clk 0:18:41]} 39. Bd5
{[%clk 0:04:28]} Kf8 {[%clk 0:18:37]} 40. f4 {[%clk 0:03:50]} f6 {[%clk 0:17:33]}
41. e5 {[%clk 0:03:14]} fxe5 {[%clk 0:16:01]} 42. fxe5 {[%clk 0:03:43]} Bxe5
{[%clk 0:16:10]} 43. Kg5 {[%clk 0:04:09]} Ke7 {[%clk 0:15:51]} 44. Kxg6
{[%clk 0:03:46]} Kd6 {[%clk 0:16:07]} 45. Bf7 {[%clk 0:01:15]} Kc6
{[%clk 0:16:02]} 46. Bc4 {[%clk 0:01:44]} Kb6 {[%clk 0:15:39]} 47. Kf5
{[%clk 0:02:11]} Bd4 {[%clk 0:15:52]} 48. Ke4 {[%clk 0:02:37]} Ka5
{[%clk 0:14:27]} 49. Kd3 {[%clk 0:03:06]} Ka4 {[%clk 0:14:29]} 50. Kc2
{[%clk 0:03:35]} Be5 {[%clk 0:14:39]} 51. Kd3 {[%clk 0:02:32]} b3
{[%clk 0:12:28]} 52. Bf7 {[%clk 0:02:51]} b2 {[%clk 0:10:26]} 53. Ba2
{[%clk 0:02:21]} Ka3 {[%clk 0:10:22]} 54. Bb1 {[%clk 0:02:44]} Kb3
{[%clk 0:10:39]} 55. Ke4 {[%clk 0:02:49]} Bd4 {[%clk 0:10:00]} 56. g4
{[%clk 0:01:38]} Kc3 {[%clk 0:10:11]} 57. g5 {[%clk 0:01:52]} Kd2
{[%clk 0:10:31]} 0-1

[Event "EYCC 2024 - O14"]
[Site "?"]
[Date "2024.08.26"]
[Round "5.2"]
[White "Vassis, Michail"]
[Black "Kurt, Sascha"]
[Result "1/2-1/2"]
[BlackElo "2064"]
[WhiteElo "2186"]
[LiveChessVersion "1.4.8"]

1. d4 {[%clk 1:30:57]} Nf6 {[%clk 1:30:47]} 2. Nf3 {[%clk 1:31:22]} g6
{[%clk 1:31:10]} 3. Bg5 {[%clk 1:31:28]} Bg7 {[%clk 1:31:33]} 4. Nbd2
{[%clk 1:31:21]} d5 {[%clk 1:31:43]} 5. c3 {[%clk 1:30:24]} O-O {[%clk 1:32:01]}
6. e3 {[%clk 1:29:51]} b6 {[%clk 1:29:25]} 7. Bd3 {[%clk 1:27:43]} Bb7
{[%clk 1:29:15]} 8. Qb1 {[%clk 1:26:47]} Nbd7 {[%clk 1:27:52]} 9. O-O
{[%clk 1:25:05]} c5 {[%clk 1:26:51]} 10. Re1 {[%clk 1:24:23]} Rc8
{[%clk 1:25:21]} 11. a4 {[%clk 1:22:27]} Re8 {[%clk 1:13:34]} 12. a5
{[%clk 0:52:52]} e5 {[%clk 1:05:05]} 13. dxe5 {[%clk 0:51:49]} Nxe5
{[%clk 1:05:29]} 14. Nxe5 {[%clk 0:49:43]} Rxe5 {[%clk 1:05:52]} 15. Nf3
{[%clk 0:49:55]} Re8 {[%clk 0:45:28]} 16. axb6 {[%clk 0:48:34]} axb6
{[%clk 0:45:44]} 17. Ra7 {[%clk 0:48:07]} Bc6 {[%clk 0:45:42]} 18. Qa2
{[%clk 0:45:14]} Re7 {[%clk 0:43:00]} 19. Rxe7 {[%clk 0:40:19]} Qxe7
{[%clk 0:42:52]} 20. Qa6 {[%clk 0:40:22]} Qb7 {[%clk 0:42:45]} 21. Ra1
{[%clk 0:37:00]} Ra8 {[%clk 0:35:23]} 22. Qxa8+ {[%clk 0:37:10]} Qxa8
{[%clk 0:35:52]} 23. Rxa8+ {[%clk 0:37:27]} Bxa8 {[%clk 0:36:21]} 24. Bb5
{[%clk 0:37:43]} Ne4 {[%clk 0:17:54]} 25. Bf4 {[%clk 0:24:44]} Bf8
{[%clk 0:17:18]} 26. Bc7 {[%clk 0:24:51]} Nd6 {[%clk 0:17:35]} 27. Ba6
{[%clk 0:24:38]} b5 {[%clk 0:10:28]} 28. Bxd6 {[%clk 0:24:39]} Bxd6
{[%clk 0:10:57]} 29. Bxb5 Kf8 {[%clk 0:11:12]} 30. Nd2 {[%clk 0:25:09]} Ke7
{[%clk 0:10:48]} 31. Nb3 {[%clk 0:25:22]} Kd8 {[%clk 0:10:23]} 32. h4
{[%clk 0:24:59]} Kc7 {[%clk 0:10:38]} 33. Be8 {[%clk 0:24:40]} f5
{[%clk 0:08:20]} 34. g3 {[%clk 0:24:20]} Kd8 {[%clk 0:07:41]} 35. Bb5
{[%clk 0:24:30]} Bb7 {[%clk 0:07:46]} 36. Na5 {[%clk 0:24:29]} Bc8
{[%clk 0:06:46]} 37. c4 dxc4 {[%clk 0:06:55]} 38. Bxc4 {[%clk 0:24:19]} Bc7
{[%clk 0:06:43]} 39. Nb3 {[%clk 0:23:48]} Be5 {[%clk 0:07:00]} 40. Nxc5
{[%clk 0:24:05]} Bxb2 {[%clk 0:07:34]} 41. Bg8 {[%clk 0:22:31]} h6
{[%clk 0:07:34]} 42. Bh7 {[%clk 0:22:31]} g5 {[%clk 0:07:34]} 43. h5
{[%clk 0:22:31]} Ke7 {[%clk 0:08:14]} 44. f4 {[%clk 0:18:37]} gxf4
{[%clk 0:07:44]} 45. gxf4 {[%clk 0:18:46]} Kf6 {[%clk 0:07:56]} 46. Kf2
{[%clk 0:19:08]} Ba3 {[%clk 0:08:02]} 47. Nb3 {[%clk 0:19:27]} Bd7
{[%clk 0:07:40]} 48. Bg6 {[%clk 0:19:47]} Bc8 {[%clk 0:07:40]} 49. Nd4
{[%clk 0:19:47]} Bc1 {[%clk 0:06:37]} 50. Nc6 {[%clk 0:19:47]} Be6
{[%clk 0:06:11]} 51. Ne5 {[%clk 0:19:30]} Bb2 {[%clk 0:06:19]} 52. Nd3
{[%clk 0:18:49]} Ba3 {[%clk 0:06:32]} 53. Ne1 {[%clk 0:18:59]} Bc1
{[%clk 0:06:09]} 54. Nc2 {[%clk 0:19:22]} Bd7 {[%clk 0:06:09]} 55. Ke2
{[%clk 0:19:30]} Bb2 {[%clk 0:06:12]} 56. Kd2 {[%clk 0:19:45]} Be6
{[%clk 0:06:12]} 57. Nb4 {[%clk 0:18:47]} Ba3 {[%clk 0:06:03]} 58. Nc6
{[%clk 0:18:17]} Bd6 {[%clk 0:06:14]} 59. Kd3 {[%clk 0:17:45]} Bc7
{[%clk 0:06:18]} 60. Nd4 {[%clk 0:15:41]} Bd7 61. Ke2 {[%clk 0:14:55]} Bb6
{[%clk 0:06:09]} 62. Nf3 {[%clk 0:14:39]} Bc7 {[%clk 0:06:32]} 63. Kf2
{[%clk 0:14:44]} Be6 {[%clk 0:06:43]} 64. Ng1 {[%clk 0:14:21]} Bb6
{[%clk 0:06:54]} 65. Ne2 {[%clk 0:14:44]} Bd7 {[%clk 0:07:00]} 66. Ng3
{[%clk 0:15:07]} Bc7 {[%clk 0:06:15]} 67. Ke2 {[%clk 0:15:13]} Bb5+
{[%clk 0:06:16]} 68. Ke1 {[%clk 0:15:28]} Bd7 {[%clk 0:06:39]} 69. Kd2
{[%clk 0:15:51]} Ba5+ {[%clk 0:06:42]} 70. Kd1 {[%clk 0:16:05]} Bc7
{[%clk 0:06:42]} 71. Kc2 {[%clk 0:16:05]} Be6 {[%clk 0:06:03]} 72. Kd3
{[%clk 0:16:38]} Bb8 {[%clk 0:06:12]} 73. Ne2 {[%clk 0:16:05]} Bd7
{[%clk 0:06:22]} 74. Nd4 {[%clk 0:16:28]} Bc7 {[%clk 0:06:08]} 75. Kc4
{[%clk 0:15:29]} Ba5 {[%clk 0:05:50]} 76. Nf3 {[%clk 0:14:11]} Be6+
{[%clk 0:05:38]} 77. Kd4 {[%clk 0:14:18]} Bb6+ {[%clk 0:06:01]} 78. Kd3
{[%clk 0:14:41]} Bc7 {[%clk 0:06:21]} 79. Nd4 {[%clk 0:14:42]} Bd7
{[%clk 0:06:21]} 80. Ke2 {[%clk 0:14:42]} Bb6 {[%clk 0:06:42]} 81. Kf3
{[%clk 0:13:31]} Ba7 {[%clk 0:06:34]} 82. Ne2 {[%clk 0:13:39]} Bc6+
{[%clk 0:06:54]} 83. Kf2 {[%clk 0:14:03]} Bd7 {[%clk 0:07:07]} 84. Ng3
{[%clk 0:14:22]} Bb6 {[%clk 0:07:24]} 85. Kf3 {[%clk 0:14:35]} Bc6+
{[%clk 0:07:25]} 86. Ke2 {[%clk 0:15:00]} Bb5+ {[%clk 0:07:42]} 87. Kd2
{[%clk 0:15:24]} Ba5+ {[%clk 0:07:52]} 88. Kd1 {[%clk 0:15:48]} Bd7
{[%clk 0:07:52]} 89. e4 {[%clk 0:15:48]} fxe4 {[%clk 0:08:19]} 90. Nxe4+
{[%clk 0:16:37]} Kg7 {[%clk 0:08:27]} 91. f5 {[%clk 0:16:40]} Bd8
{[%clk 0:08:49]} 92. Nc5 {[%clk 0:16:41]} Bc8 {[%clk 0:09:00]} 93. Kd2
{[%clk 0:16:43]} Be7 {[%clk 0:09:23]} 94. Ne4 {[%clk 0:17:02]} Bb7
{[%clk 0:09:40]} 95. Nf2 {[%clk 0:17:24]} Bb4+ {[%clk 0:09:52]} 96. Kd3
{[%clk 0:17:41]} Be7 {[%clk 0:10:05]} 97. Kc4 {[%clk 0:17:45]} Bf3
{[%clk 0:10:14]} 98. Kd4 {[%clk 0:17:34]} Bf6+ {[%clk 0:10:24]} 99. Ke3
{[%clk 0:17:59]} Bc6 {[%clk 0:10:41]} 100. Nd3 {[%clk 0:18:14]} Bg5+
{[%clk 0:10:54]} 101. Kd4 {[%clk 0:18:37]} Bd7 {[%clk 0:11:01]} 102. Nc5
{[%clk 0:18:59]} Bc8 {[%clk 0:11:17]} 103. Ne4 {[%clk 0:19:07]} Bd8
{[%clk 0:11:08]} 104. Nd6 {[%clk 0:19:09]} Ba6 {[%clk 0:10:40]} 105. Kd5
{[%clk 0:19:19]} Be2 {[%clk 0:09:16]} 106. Ke6 {[%clk 0:19:26]} Bd1
{[%clk 0:09:28]} 107. f6+ {[%clk 0:19:46]} Kf8 {[%clk 0:09:31]} 108. Ne4
{[%clk 0:19:23]} Bb3+ {[%clk 0:09:33]} 109. Kd7 {[%clk 0:19:48]} Bb6
{[%clk 0:09:37]} 110. Nd2 {[%clk 0:18:32]} Ba4+ {[%clk 0:08:40]} 111. Ke6
{[%clk 0:18:54]} Be3 {[%clk 0:08:53]} 112. Nf3 {[%clk 0:19:10]} Bb3+
{[%clk 0:09:03]} 113. Kf5 {[%clk 0:19:24]} Bf2 {[%clk 0:07:16]} 114. Ne5
{[%clk 0:19:19]} Bc2+ {[%clk 0:07:32]} 115. Kf4 {[%clk 0:19:45]} Ba4
{[%clk 0:07:47]} 116. Ng4 {[%clk 0:19:48]} Bd4 {[%clk 0:07:06]} 117. Bf5
{[%clk 0:19:48]} Be8 {[%clk 0:07:06]} 1/2-1/2

[Event "EYCC 2024 - O14"]
[Site "?"]
[Date "2024.08.26"]
[Round "5.3"]
[White "Popov, Roman"]
[Black "Groenewoud, Joel"]
[Result "1-0"]
[BlackElo "2157"]
[WhiteElo "1962"]
[LiveChessVersion "1.4.8"]

1. d4 {[%clk 1:30:53]} Nf6 {[%clk 1:30:51]} 2. c4 {[%clk 1:31:09]} g6
{[%clk 1:31:12]} 3. Nc3 {[%clk 1:31:31]} Bg7 {[%clk 1:31:29]} 4. e4
{[%clk 1:31:49]} d6 {[%clk 1:31:50]} 5. h3 {[%clk 1:32:08]} O-O {[%clk 1:31:57]}
6. Bg5 {[%clk 1:32:23]} c5 {[%clk 1:30:13]} 7. d5 {[%clk 1:32:25]} e6
{[%clk 1:29:34]} 8. Bd3 {[%clk 1:28:50]} exd5 {[%clk 1:29:04]} 9. cxd5
{[%clk 1:27:23]} Qa5 {[%clk 1:26:18]} 10. Bd2 {[%clk 1:23:44]} Nbd7
{[%clk 1:22:01]} 11. Nf3 {[%clk 1:19:26]} Re8 {[%clk 1:18:30]} 12. O-O
{[%clk 1:14:47]} a6 {[%clk 1:13:11]} 13. a4 {[%clk 1:10:21]} Qc7 {[%clk 1:07:16]}
14. Bf4 {[%clk 0:58:30]} Rb8 {[%clk 1:00:16]} 15. Nd2 {[%clk 0:51:45]} Ne5
{[%clk 0:49:42]} 16. Bxe5 {[%clk 0:47:18]} Rxe5 {[%clk 0:49:44]} 17. Nc4
{[%clk 0:44:07]} Re8 {[%clk 0:49:45]} 18. a5 {[%clk 0:41:37]} Nd7
{[%clk 0:44:43]} 19. Na4 {[%clk 0:41:10]} Ne5 {[%clk 0:43:56]} 20. Nab6
{[%clk 0:40:25]} Nxc4 {[%clk 0:42:11]} 21. Nxc4 {[%clk 0:39:40]} Bd7
{[%clk 0:41:07]} 22. f4 {[%clk 0:24:23]} Bd4+ {[%clk 0:40:08]} 23. Kh1
{[%clk 0:23:47]} Bb5 {[%clk 0:39:03]} 24. Qc2 {[%clk 0:18:06]} Qd8
{[%clk 0:32:29]} 25. Ra2 {[%clk 0:14:42]} Qf6 {[%clk 0:20:53]} 26. b3
{[%clk 0:13:26]} Re7 {[%clk 0:17:29]} 27. Qc1 {[%clk 0:08:57]} Rbe8
{[%clk 0:14:33]} 28. Re2 {[%clk 0:08:23]} Qh4 {[%clk 0:11:53]} 29. Qc2
{[%clk 0:07:43]} Bxc4 {[%clk 0:08:36]} 30. Bxc4 {[%clk 0:07:32]} Kg7
{[%clk 0:06:53]} 31. Kh2 {[%clk 0:06:09]} f5 {[%clk 0:03:00]} 32. Bd3
{[%clk 0:03:28]} fxe4 {[%clk 0:02:28]} 33. Bxe4 {[%clk 0:03:28]} Qf6
{[%clk 0:01:30]} 34. Rf3 {[%clk 0:02:03]} Rb8 {[%clk 0:00:32]} 35. Bd3
{[%clk 0:00:42]} Rxe2 {[%clk 0:00:57]} 36. Qxe2 {[%clk 0:01:08]} Bc3
{[%clk 0:00:32]} 37. g3 {[%clk 0:00:32]} Bxa5 {[%clk 0:00:34]} 38. Re3
{[%clk 0:00:59]} Rf8 {[%clk 0:00:32]} 39. Re6 {[%clk 0:01:01]} Qc3
{[%clk 0:00:32]} 40. Rxd6 {[%clk 0:00:38]} Qxb3 {[%clk 0:00:33]} 41. Rd7+
{[%clk 0:00:33]} Kh6 {[%clk 0:00:32]} 42. Qh5+ {[%clk 0:00:35]} gxh5
{[%clk 0:00:47]} 43. Rxh7# {[%clk 0:00:58]} 1-0

[Event "EYCC 2024 - O14"]
[Site "?"]
[Date "2024.08.26"]
[Round "5.4"]
[White "Zander, Emil"]
[Black "Mahmudzade, Yunis"]
[Result "0-1"]
[BlackElo "1962"]
[WhiteElo "2152"]
[LiveChessVersion "1.4.8"]

1. e4 {[%clk 1:30:49]} e6 {[%clk 1:30:55]} 2. d3 {[%clk 1:31:09]} d5
{[%clk 1:31:17]} 3. Nd2 {[%clk 1:31:32]} c5 {[%clk 1:31:32]} 4. Ngf3
{[%clk 1:31:55]} Nc6 {[%clk 1:30:59]} 5. g3 {[%clk 1:32:16]} Nf6 {[%clk 1:30:33]}
6. Bg2 {[%clk 1:32:36]} Be7 {[%clk 1:30:41]} 7. O-O {[%clk 1:32:57]} O-O
{[%clk 1:30:06]} 8. Re1 {[%clk 1:33:18]} dxe4 {[%clk 1:29:06]} 9. dxe4
{[%clk 1:33:37]} e5 {[%clk 1:27:22]} 10. c3 {[%clk 1:33:54]} Qc7 {[%clk 1:27:25]}
11. Qe2 {[%clk 1:27:01]} Be6 {[%clk 1:25:49]} 12. Nc4 {[%clk 1:19:23]} b5
{[%clk 1:22:20]} 13. Ne3 {[%clk 1:17:30]} Nxe4 {[%clk 1:22:00]} 14. Qxb5
{[%clk 1:17:24]} Rab8 {[%clk 1:12:53]} 15. Qa4 {[%clk 1:14:52]} f5
{[%clk 1:03:37]} 16. Nd2 {[%clk 1:10:41]} Nxd2 {[%clk 1:02:27]} 17. Bxc6
{[%clk 1:06:50]} Rfd8 {[%clk 0:59:57]} 18. Re2 {[%clk 1:02:48]} Ne4
{[%clk 0:51:36]} 19. Nxf5 {[%clk 0:58:34]} Bxf5 {[%clk 0:50:09]} 20. Bxe4
{[%clk 0:58:53]} Be6 {[%clk 0:41:49]} 21. Be3 {[%clk 0:54:27]} Kh8
{[%clk 0:32:53]} 22. Qc2 {[%clk 0:42:29]} h6 {[%clk 0:32:18]} 23. Bf5
{[%clk 0:40:54]} Bc4 {[%clk 0:31:38]} 24. Ree1 {[%clk 0:38:24]} Bd5
{[%clk 0:31:06]} 25. b3 {[%clk 0:30:21]} Qc6 {[%clk 0:28:53]} 26. Bc1
{[%clk 0:25:29]} c4 {[%clk 0:24:42]} 27. b4 {[%clk 0:25:18]} Bh1 {[%clk 0:21:13]}
28. Be4 {[%clk 0:25:03]} Bxe4 {[%clk 0:21:41]} 29. Qxe4 {[%clk 0:20:01]} Qxe4
{[%clk 0:22:07]} 30. Rxe4 {[%clk 0:20:26]} Rd1+ {[%clk 0:22:31]} 31. Kg2
{[%clk 0:20:52]} Bg5 {[%clk 0:22:15]} 32. Bb2 {[%clk 0:19:09]} Rd2
{[%clk 0:22:36]} 33. Rb1 {[%clk 0:19:30]} Rf8 {[%clk 0:22:54]} 34. Kg1
{[%clk 0:12:46]} Rfxf2 {[%clk 0:22:56]} 35. Bc1 {[%clk 0:11:25]} Rg2+
{[%clk 0:23:19]} 36. Kf1 {[%clk 0:11:50]} Rdf2+ {[%clk 0:23:47]} 37. Ke1
{[%clk 0:12:15]} Rxa2 {[%clk 0:23:46]} 38. Kf1 {[%clk 0:12:42]} Rxh2
{[%clk 0:22:12]} 39. Kg1 {[%clk 0:13:10]} Rag2+ {[%clk 0:17:11]} 40. Kf1
{[%clk 0:13:31]} Rc2 {[%clk 0:16:26]} 41. Kg1 {[%clk 0:13:29]} Bxc1
{[%clk 0:13:09]} 42. Rxc1 {[%clk 0:13:55]} Rxc1+ {[%clk 0:13:01]} 43. Kxh2
{[%clk 0:14:17]} Rxc3 {[%clk 0:13:21]} 44. Rxe5 {[%clk 0:14:38]} Ra3
{[%clk 0:11:41]} 45. Rc5 {[%clk 0:13:29]} c3 {[%clk 0:12:01]} 46. Kh3
{[%clk 0:12:56]} Kh7 {[%clk 0:11:18]} 47. Rc6 {[%clk 0:12:54]} Rb3
{[%clk 0:11:31]} 48. b5 {[%clk 0:13:07]} Rxb5 {[%clk 0:11:31]} 49. Rxc3
{[%clk 0:13:24]} Rb8 {[%clk 0:11:58]} 50. Rc6 {[%clk 0:13:39]} Rb6
{[%clk 0:10:42]} 51. Rc7 {[%clk 0:12:34]} Ra6 {[%clk 0:10:51]} 52. Rd7
{[%clk 0:11:19]} Ra2 {[%clk 0:11:03]} 53. Rd6 {[%clk 0:11:15]} Ra4
{[%clk 0:10:29]} 54. Rc6 {[%clk 0:11:14]} h5 {[%clk 0:10:39]} 55. Rd6
{[%clk 0:11:33]} a5 {[%clk 0:10:59]} 56. Ra6 {[%clk 0:11:50]} g6 {[%clk 0:11:06]}
57. Ra7+ {[%clk 0:09:59]} Kh6 {[%clk 0:11:20]} 58. Ra6 {[%clk 0:10:19]} Ra3
{[%clk 0:11:43]} 59. Kh4 {[%clk 0:10:09]} Ra1 {[%clk 0:11:43]} 60. Kh3
{[%clk 0:10:29]} Kg5 {[%clk 0:12:05]} 61. Rb6 {[%clk 0:10:09]} Rf1
{[%clk 0:11:59]} 62. Rb5+ {[%clk 0:09:49]} Rf5 {[%clk 0:12:27]} 63. Rb6
{[%clk 0:09:54]} Rc5 {[%clk 0:12:29]} 64. Ra6 {[%clk 0:10:02]} Kf5
{[%clk 0:12:52]} 65. Kh4 {[%clk 0:10:18]} Rc4+ {[%clk 0:12:15]} 66. Kh3
{[%clk 0:10:37]} Ra4 {[%clk 0:12:19]} 67. Rc6 {[%clk 0:10:34]} Ra2
{[%clk 0:12:40]} 68. Rc5+ {[%clk 0:10:12]} Kf6 {[%clk 0:13:01]} 69. Rc6+
{[%clk 0:10:07]} Kg7 {[%clk 0:11:52]} 70. Rc7+ {[%clk 0:09:51]} Kh6
{[%clk 0:11:50]} 71. Rc5 {[%clk 0:10:18]} Ra3 {[%clk 0:11:04]} 72. Rb5
{[%clk 0:10:14]} g5 {[%clk 0:11:03]} 73. Rb6+ {[%clk 0:10:39]} Kh7
{[%clk 0:11:26]} 74. Kh2 {[%clk 0:10:59]} Kg7 {[%clk 0:11:33]} 75. Kg2
{[%clk 0:11:19]} g4 {[%clk 0:11:27]} 76. Ra6 {[%clk 0:09:56]} a4 {[%clk 0:11:45]}
77. Kh2 {[%clk 0:10:05]} Ra2+ {[%clk 0:12:02]} 78. Kh1 {[%clk 0:10:25]} a3
{[%clk 0:12:28]} 79. Kg1 {[%clk 0:10:52]} Kf7 {[%clk 0:12:51]} 80. Kf1
{[%clk 0:11:09]} Ke7 {[%clk 0:13:17]} 81. Ra5 {[%clk 0:10:49]} Kd6
{[%clk 0:13:35]} 82. Rxh5 {[%clk 0:10:58]} Rb2 {[%clk 0:13:59]} 83. Ra5
{[%clk 0:11:01]} a2 {[%clk 0:14:27]} 0-1

[Event "EYCC 2024 - O14"]
[Site "?"]
[Date "2024.08.26"]
[Round "5.5"]
[White "Beliman, Alexandro"]
[Black "Simonsen, David Mindestrommen"]
[Result "1/2-1/2"]
[BlackElo "1922"]
[WhiteElo "2144"]
[LiveChessVersion "1.4.8"]

1. e4 {[%clk 1:30:59]} c5 {[%clk 1:30:46]} 2. Nf3 {[%clk 1:31:29]} d6
{[%clk 1:31:06]} 3. d4 {[%clk 1:31:58]} cxd4 {[%clk 1:31:29]} 4. Nxd4
{[%clk 1:32:27]} Nf6 {[%clk 1:31:50]} 5. Nc3 {[%clk 1:32:56]} a6 {[%clk 1:31:40]}
6. Qd3 {[%clk 1:33:25]} b5 {[%clk 1:29:56]} 7. a4 {[%clk 1:33:23]} b4
{[%clk 1:29:40]} 8. Nd5 {[%clk 1:33:52]} e6 {[%clk 1:26:05]} 9. Nxf6+
{[%clk 1:26:56]} Qxf6 {[%clk 1:24:40]} 10. Be2 {[%clk 1:05:38]} Nd7
{[%clk 1:19:57]} 11. O-O {[%clk 1:04:17]} Nc5 {[%clk 1:17:58]} 12. Qe3
{[%clk 1:04:33]} Bb7 {[%clk 1:18:13]} 13. f3 {[%clk 0:59:27]} Qe5
{[%clk 1:10:28]} 14. Bd3 {[%clk 0:52:09]} Nxd3 15. cxd3 {[%clk 0:48:56]} d5
{[%clk 1:10:39]} 16. f4 {[%clk 0:47:49]} Qc7 {[%clk 1:10:06]} 17. e5
{[%clk 0:47:08]} Bc5 {[%clk 1:09:28]} 18. Qf2 {[%clk 0:46:39]} a5
{[%clk 1:07:57]} 19. Be3 {[%clk 0:46:51]} Bxd4 {[%clk 0:43:11]} 20. Bxd4
{[%clk 0:47:09]} Rc8 {[%clk 0:42:25]} 21. Qe3 {[%clk 0:30:23]} O-O
{[%clk 0:41:14]} 22. Rf2 {[%clk 0:25:06]} g6 {[%clk 0:41:02]} 23. b3
{[%clk 0:23:03]} h5 {[%clk 0:41:03]} 24. Raf1 {[%clk 0:20:15]} Qe7
{[%clk 0:40:08]} 25. Qg3 {[%clk 0:15:54]} Kh7 {[%clk 0:40:11]} 26. f5
{[%clk 0:13:53]} gxf5 {[%clk 0:40:25]} 27. Rxf5 {[%clk 0:12:27]} exf5 28. Rxf5
Rc1+ {[%clk 0:40:38]} 29. Kf2 {[%clk 0:13:25]} Rc6 {[%clk 0:41:06]} 30. Rf6
{[%clk 0:10:02]} Rg8 {[%clk 0:40:41]} 31. Qf3 {[%clk 0:03:58]} Rxf6
{[%clk 0:37:23]} 32. exf6 {[%clk 0:04:26]} Qf8 {[%clk 0:37:50]} 33. Qxh5+
{[%clk 0:04:06]} Qh6 {[%clk 0:38:16]} 34. Qxf7+ {[%clk 0:03:55]} Kh8
{[%clk 0:38:43]} 35. Kf3 {[%clk 0:01:50]} Bc8 {[%clk 0:37:17]} 36. h3
{[%clk 0:00:59]} Qh7 {[%clk 0:34:21]} 37. Qxd5 {[%clk 0:00:46]} Qxd3+
{[%clk 0:34:36]} 38. Kf2 {[%clk 0:01:06]} Qd2+ {[%clk 0:33:17]} 39. Kg1
{[%clk 0:00:48]} Rxg2+ {[%clk 0:32:45]} 40. Kh1 {[%clk 0:01:00]} Rh2+
{[%clk 0:29:32]} 41. Kg1 {[%clk 0:01:29]} Rg2+ {[%clk 0:28:35]} 42. Kh1
{[%clk 0:01:57]} Rh2+ 1/2-1/2

[Event "EYCC 2024 - O14"]
[Site "?"]
[Date "2024.08.26"]
[Round "5.6"]
[White "Kulich, Filip"]
[Black "Dumbelovic, Novak"]
[Result "1/2-1/2"]
[BlackElo "2144"]
[WhiteElo "1965"]
[LiveChessVersion "1.4.8"]

1. e4 {[%clk 1:30:50]} c5 {[%clk 1:30:50]} 2. Nf3 {[%clk 1:30:49]} d6
{[%clk 1:31:15]} 3. d4 {[%clk 1:30:57]} cxd4 {[%clk 1:31:37]} 4. Nxd4
{[%clk 1:31:20]} Nf6 {[%clk 1:32:01]} 5. f3 {[%clk 1:31:29]} e5 {[%clk 1:32:19]}
6. Nb3 {[%clk 1:31:42]} Be7 {[%clk 1:32:41]} 7. Nc3 {[%clk 1:28:48]} Be6
{[%clk 1:31:47]} 8. Be3 {[%clk 1:26:22]} a6 {[%clk 1:26:35]} 9. Qd2
{[%clk 1:24:05]} h5 {[%clk 1:25:56]} 10. Be2 {[%clk 1:20:53]} Nbd7
{[%clk 1:25:31]} 11. O-O-O {[%clk 1:07:53]} b5 {[%clk 1:21:44]} 12. Nd5
{[%clk 1:02:59]} Bxd5 {[%clk 1:14:48]} 13. exd5 {[%clk 1:03:08]} Nb6
{[%clk 1:14:45]} 14. f4 {[%clk 0:48:53]} exf4 {[%clk 1:09:24]} 15. Bxb6
{[%clk 0:47:03]} Qxb6 {[%clk 1:09:49]} 16. Qxf4 {[%clk 0:46:33]} O-O
{[%clk 1:06:45]} 17. g4 {[%clk 0:40:25]} h4 {[%clk 1:02:25]} 18. g5
{[%clk 0:36:44]} Nh7 {[%clk 1:02:29]} 19. Rhg1 {[%clk 0:36:36]} Qd8
{[%clk 0:58:00]} 20. g6 {[%clk 0:32:31]} fxg6 {[%clk 0:57:37]} 21. Qe4
{[%clk 0:32:17]} Bg5+ {[%clk 0:55:55]} 22. Kb1 {[%clk 0:32:20]} Qe8
{[%clk 0:55:54]} 23. Qd3 {[%clk 0:27:29]} Qe3 {[%clk 0:49:55]} 24. Qxe3
{[%clk 0:20:40]} Bxe3 {[%clk 0:49:34]} 25. Rxg6 {[%clk 0:21:07]} Rf2
{[%clk 0:41:29]} 26. Bg4 {[%clk 0:19:28]} Nf6 {[%clk 0:38:47]} 27. Be6+
{[%clk 0:19:05]} Kh7 {[%clk 0:36:47]} 28. Rdg1 {[%clk 0:17:23]} Ra7
{[%clk 0:35:48]} 29. R6g2 {[%clk 0:16:45]} Re7 {[%clk 0:26:57]} 30. Rxf2
{[%clk 0:11:32]} Bxf2 {[%clk 0:26:42]} 31. Rf1 {[%clk 0:11:40]} Bb6
{[%clk 0:25:39]} 32. Nd2 {[%clk 0:11:27]} Kh6 {[%clk 0:21:03]} 33. Nf3
{[%clk 0:09:53]} Kh5 {[%clk 0:18:38]} 34. Re1 {[%clk 0:08:53]} g5
{[%clk 0:16:08]} 35. h3 {[%clk 0:08:20]} Kh6 {[%clk 0:14:43]} 36. c3
{[%clk 0:07:34]} Nh5 {[%clk 0:14:15]} 37. Rf1 {[%clk 0:05:28]} Ng7
{[%clk 0:12:19]} 38. Bg4 {[%clk 0:04:51]} Kg6 {[%clk 0:12:01]} 39. Kc2
{[%clk 0:03:16]} Nh5 {[%clk 0:09:14]} 40. a3 {[%clk 0:02:24]} Ng3
{[%clk 0:07:53]} 41. Re1 {[%clk 0:02:24]} Rxe1 {[%clk 0:07:45]} 42. Nxe1
{[%clk 0:02:52]} Nf5 {[%clk 0:08:05]} 43. Kd3 {[%clk 0:02:38]} Kf6
{[%clk 0:07:47]} 44. Nf3 {[%clk 0:02:40]} Ba7 {[%clk 0:05:21]} 45. Nd2 Bb8 46.
Ne4+ Kg6 1/2-1/2